01488nam a2200337 a 4500001001200000003000800012006001900020007001500039008004100054010001700095020001500112040002100127035002100148050002500169082001800194245018100212260005500393300002500448504005100473533015200524650006500676650007500741650007600816655002900892700001900921700002200940700002800962710001700990856012601007999001701133ebr10071525CaPaEBRm u cr cn|||||||||880329s1988 dcua sb 001 0 eng  z 88009978  z0309037263 aCaPaEBRcCaPaEBR a(OCoLC)66693744414aRA577.A9bA37 1988eb04a363.7/39221900aAir pollution, the automobile, and public healthh[electronic resource] /cAnn Y. Watson, Richard R. Bates, Donald Kennedy, editors ; sponsored by the Health Effects Institute. aWashington, D.C. :bNational Academy Press,c1988. aviii, 692 p. :bill. aIncludes bibliographical references and index. aElectronic reproduction.bPalo Alto, Calif. :cebrary,d2013.nAvailable via World Wide Web.nAccess may be limited to ebrary affiliated libraries. 0aAutomobilesxMotorsxExhaust gasxToxicologyzUnited States. 0aAutomobilesxMotorsxExhaust gasxPhysiological effectzUnited States. 0aAutomobilesxMotorsxExhaust gasxEnvironmental aspectszUnited States. 7aElectronic books.2local1 aWatson, Ann Y.1 aBates, Richard R.1 aKennedy, Donald,d1931-2 aebrary, Inc.40uhttp://site.ebrary.com/lib/rucke/Doc?id=10071525zAn electronic book accessible through the World Wide Web; click to view c33357d33357